000 00277nam a22001337a 4500
008 170208b xxu||||| |||| 00| 0 eng d
020 _a0918082064
041 _aeng
080 _26TH
_a61
100 _a4
101 _aSHM
245 _aMATH FOR MEDS
_cCURREN
942 _2udc
_cBK
999 _c4934
_d4934